000 00518nam a2200205Ia 4500
008 200601s9999 xx 000 0 und d
020 _a085112192-6
050 _aREF AG 243
050 _b.G85 2004
245 0 _aGuinning world records 2005 /
260 _aUSA :
260 _bGuinnes World Records Ltd.,
260 _c2004
300 _a287 pages :
300 _bcolor illustrations ;
300 _c31 cm.
500 _aIncludes index.
650 _aCuriousities and wonders.
650 _xWorld records.
999 _c363261
_d363261